Statistiques concernant Pays champion du monde de : Basketball 3x3

Cliquez ici pour prendre le quiz!

Statistiques générales

  • Ce quiz a été pris 170 fois
  • Le résultat moyen est 5 sur 8

Statistiques - réponses

Médaille d'orMasculinFéminimMixtePays% Correct
312Etats-Unis
98%
211France
97%
11Chine
67%
55Serbie
66%
11Russie
63%
11Italie
61%
11Tchéquie
17%
11Qatar
6%

Distribution des résultats

Percentile par nombre de réponses

% des personnes avec chaque résultat

Votre développement - résultats

Vous n’avez pas pris ce quiz